000 00398nam a22001457a 4500
005 20231121134129.0
008 231121b |||||||| |||| 00| 0 eng d
041 _aFrench
082 _a342.8 AFR
100 _lEnglish
245 _aAfrican Charter on Human and Peoples' Rights
300 _b28 pages ;
_c22 cm.
650 _aLegal practice
_bLaw
942 _cBK
_6ALISON_BN_VRIES
999 _c847
_d847